The art of getting your own sweet way /

Bibliographic Details
Main Author: Crosby, Philip B.
Format: Book
Language:English
Published: New York : McGraw-Hill, [1981]
Edition:2nd ed.
Subjects:

MARC

Tag First Indicator Second Indicator Subfields
LEADER 00000pam a2200000 a 4500
001 in00000080711
005 20151008054044.0
008 801021s1981 nyua 00110 engm
010 |a  80026011  
020 |a 0070145156 
035 |a (OCoLC)06916352 
035 |9 AAH9488AM 
040 |a DLC  |c DLC  |d m.c.  |d TXA  |d UtOrBLW 
049 |a TXAM  |c [387076] 
050 0 0 |a HD38  |b .C68 1981 
082 0 |a 658.4  |2 19 
100 1 |a Crosby, Philip B. 
245 1 4 |a The art of getting your own sweet way /  |c Philip B. Crosby. 
250 |a 2nd ed. 
264 1 |a New York :  |b McGraw-Hill,  |c [1981] 
264 4 |c ©1981 
300 |a ix, 230 pages :  |b illustrations ;  |c 21 cm. 
336 |a text  |b txt  |2 rdacontent 
337 |a unmediated  |b n  |2 rdamedia 
338 |a volume  |b nc  |2 rdacarrier 
500 |a Includes index. 
650 0 |a Management. 
650 0 |a Success. 
999 |a MARS 
999 f f |s 359c13f7-5a9a-3f2c-82f0-35fe5bed1097  |i abf07f49-5591-3c9d-8392-876299f1a990  |t 0 
952 f f |p ric  |a Texas A&M University  |b Rellis Campus  |c Joint Library Facility  |d Remote Storage  |t 0  |e HD38 .C68 1981  |h Library of Congress classification  |i unmediated -- volume  |m A14806123984 
998 f f |a HD38 .C68 1981  |t 0  |l Remote Storage